| 000 | 00814nam a2200241Ia 4500 | ||
|---|---|---|---|
| 003 | OSt | ||
| 005 | 20221005113504.0 | ||
| 006 | a|||||r|||| 00| 0 | ||
| 007 | ta | ||
| 008 | 221004b |||||||| |||| 00| 0 pan d | ||
| 024 | _a2452 | ||
| 037 |
_bGift, 19/02/2013, _cTextual |
||
| 040 |
_aCRL _cCRL _bpan |
||
| 041 |
_2pan _apan |
||
| 082 | _aO153,3M96w, P9 | ||
| 100 | _aਮਿਨਹਾਸ, ਕੁਲਵਿੰਦਰ ਕੌਰ | ||
| 245 | 0 | _aਯਾਦਾਂ ਦੇ ਨਕF | |
| 260 |
_aਲੁਧਿਆਣਾ _bਲਾਹੌਰ ਬੁਕ Fਾਪ ਭਾਰਤ _c2009 |
||
| 300 |
_a80ਪੰ _ccm. |
||
| 650 | _aਪੰਜਾਬੀ ਸਾਹਿਤ | ||
| 942 |
_hO153,3M96w, P9 _cTEXL _2cc |
||
| 999 |
_c1028355 _d1028355 |
||